00597 2200229 4500001002100000005001500021035002000036245005200056100001700108250000600125300003700131260004700168082001000215084001600225020002200241650001900263990001700282990001700299990001700316990001700333990001700350INLIS00000000000065820190124014102 a0010-01190001141 aMengenal Tanaman Obat Nusantara /cDani Hamdani0 aDani Hamdani a- aviii, 72 hlm. :bilus. ;c21 cm. aTangerang :bPT Panca Anugrah Sakti,c2010 a635.7 a635.7 DAN m a978-979-1420-76-1 aTanaman Herbal a02465/H/2018 a02466/H/2018 a02467/H/2018 a02468/H/2018 a02469/H/2018